| 000 | 00379nam a2200157 4500 | ||
|---|---|---|---|
| 008 | 190603s2011||||CZ d | ||
| 245 | 1 | 0 | _aNávod na štastný život |
| 260 |
_bOTTOVO NAKLADATELSTVI _aPraha _c2011 |
||
| 100 | 1 |
_aVitale Joe _91120 |
|
| 250 | _a1. vydanie | ||
| 300 | _a184 s. | ||
| 020 |
_a9788073609832 _c0 |
||
| 041 | 1 | _acze | |
| 044 | _aCZ | ||
| 958 | _aA | ||
| 999 |
_c22472 _d22472 |
||